1792 1126 1978 1877 1252 1149 1192 1571 1732 1091 1095 1002 1810 1477 1339 1766 1316 1081 1452 1294 1295 1082 1451 1023 1449 1794 1698 1129 1925 1558 1292 1394 1216 1902 1433 1372 1641 1215 1106 1274 1353 1099 1864 1558 1835 1052 1439 1735 1923 1322 1833 1083 1148 1564 1537 1810 1907 1942 1138 1560 1616 1100 1059 1710 1472 1338 1726 1778 1720 1129 1179 1148 1849 1857 1591 1961 1029 1261 1898 1070 1002 1674 1831 1603 1793 1808 1672 1059 1047 1507 1333 1844 1529 1450 1075 1797 1930 1807 1923 BCNSPRNW ULIB Ver.6.0+V

เปลี่ยนเป็นภาษาไทย

Change to English
 แสดงรายละเอียดบรรณานุกรม
  กลับหน้าหลัก

Brief Record : Get Marc (ISO 2709) : E-mail record : QR code < ปิดหน้าต่าง
LEADER : 00000nam 2200000uu 4500
001    13399110502
003     ULIB
008    110602s2553||||th 000 0 tha d
020    9786165290159
060 04 WP560^bช361ป 2553
100 0  ชัญวลี ศรีสุโข
245 10 ปวดท้องประจำเดือน /^cชัญวลี ศรีสุโข
250    พิมพ์ครั้งที่ 1
260    กรุงเทพฯ :^bอมรินทร์สุขภาพ,^c2553
300    [9], 124 หน้า :^bภาพประกอบ ;^c21 ซม.
440  0 ชุดโรคภัยใกล้ตัว ;^vลำดับที่ 13
650  7 ปวดระดู
650  7 ระดู
945    ^p99^l0^i027832
945    ^p99^l0^i027831
995    ทศพร
999 ^a ใช้งานได้ทุกระบบ
รายการนี้ยังไม่มีแท็ก
คุณยังไม่ได้ล็อกอิน คุณสามารถมีกิจกรรมร่วมกับเว็บไซต์ได้ แต่ต้องล็อกอินก่อน ::
  ล็อกอิน

รายการสื่อสารสนเทศ

ลำดับที่ ประเภท เลขเรียก/บาร์โค้ด สถานที่ สถานะ
1. วิทยาศาสตร์การแพทย์ และสุขภาพ
หนังสือสำรอง
สถานะ=หนังสือสำรอง
WP560 ช361ป 2553 ฉ.1 
  Barcode: 027831
ห้องสมุดวิทยาเขตสวรรค์ประชารักษ์
►ส่วนจัดเก็บหนังสือเก่า สปร
บนชั้น
  ขอยืม
2. วิทยาศาสตร์การแพทย์ และสุขภาพ
วิทยาศาสตร์การแพทย์ และสุขภาพ
WP560 ช361ป 2553 ฉ.2 
  Barcode: 027832
ห้องสมุดวิทยาเขตสวรรค์ประชารักษ์
►ส่วนจัดเก็บหนังสือเก่า สปร
บนชั้น
  ขอยืม

รายการใกล้เคียง
    ผู้แต่ง [ชัญวลี ศรีสุโข]

    หัวเรื่อง [ปวดระดู]
    หัวเรื่อง [ระดู]

BibComment


ยังไม่เคยถูกคอมเมนท์

คอมเมนท์ทรัพยากรรายการนี้
  คอมเมนท์: ปวดท้องประจำเดือน..


 Copyright 2026. Bcnsprnw @Library